|
|
|
|
| LEADER |
00000nab a2200000 a 4500 |
| 001 |
vtls000042867 |
| 003 |
SK-MaSNL |
| 005 |
20260304235745.0 |
| 008 |
160202c1979 xo 0 cze |
| 015 |
|
|
|a SNBRB19rr/mm-uuuuu
|
| 035 |
|
|
|a CL0052962
|
| 040 |
|
|
|a SNKBUCL
|b slo
|c SNKBUCL
|e AACR2
|
| 041 |
0 |
|
|a cze
|
| 044 |
|
|
|a xo
|c SK
|
| 080 |
|
|
|a 621:334.7
|2 1981
|
| 080 |
|
|
|a 334.7
|2 1981
|
| 080 |
|
|
|a 339.1
|2 1981
|
| 080 |
|
|
|a 532
|2 1981
|
| 100 |
1 |
|
|a Rieger, Alois
|4 aut
|9 938601
|
| 245 |
1 |
0 |
|a Hydraulika na Brněnském veletrhu 78
|c Alois Rieger
|
| 300 |
|
|
|b Obr. 5.
|
| 650 |
0 |
7 |
|a strojárstvo
|2 snkbucl
|9 674
|
| 650 |
0 |
7 |
|a hydraulika
|2 snkbucl
|9 20899
|
| 651 |
|
7 |
|a 3702
|2 snkbucl
|9 353010
|
| 655 |
|
7 |
|a články z novín a časopisov
|2 snkbucl
|9 267496
|
| 773 |
0 |
|
|t Hydraulika
|g Roč. 11, č. 4 (1979), s. 53-57
|
| 850 |
|
|
|a Slovenská národná knižnica v Martine
|a MTA001
|
| 852 |
|
|
|a SNK
|b KIS3GCP
|
| 958 |
|
|
|a RK
|
| 958 |
|
|
|a CZ
|
| 992 |
|
|
|a RBX
|
| 999 |
|
|
|c 3210366
|d 3212296
|